Serie A 2025 - Statistics

General Stats
  • This quiz has been taken 31 times
  • The average score is 15 of 20
Answer Stats
Answer % Correct
10 Inter Milan
100%
11 Juventus
96%
1 Ac Milan
92%
2 Atalanta
88%
12 Lazio
88%
15 Napoli
88%
17 Roma
88%
18 Torino
83%
3 Bologna
79%
7 Fiorentina
79%
9 Hellas verona
79%
8 Genoa
71%
14 Monza
71%
19 Udinese
71%
4 Cagliari
67%
16 Parma
67%
5 Como
63%
13 Lecce
63%
6 Empoli
58%
20 Venzia
8%
No matching quizzes found
Score Distribution
Percent of People with Each Score
Percentile by Number Answered
Your Score History
You have not taken this quiz